000 00390nam a2200145Ia 4500
008 240624s9999 xx 000 0 und d
041 _aeng
082 _a005.133 SCH
100 _aSCHNEIDER DAVID I
245 _aINTRODUCTION TO PROGRAMMING USING VISUAL
250 _a(5th ed.)
260 _c2002
_aNew Delhi
_bPrentice-Hall of India
300 _axvii, : 709 : p. : cm. ; 26
365 _cRS
999 _c2547
_d2547